[Event "Blixt-SM 2021"]
[Site "Hotel Marina Plaza, Helsingborg"]
[Date "2021.11.14"]
[Round "1.7"]
[White "Eriksson, Karl"]
[Black "Neretljak, Nedzad"]
[Result "0-1"]
[WhiteElo "1703"]
[BlackElo "2148"]
[WhiteFideId "1724037"]
[BlackFideId "1713132"]

1.e4 e6 2.d4 d5 3.e5 c5 4.c3 a6 5.Nf3 Nc6 6.a3 b5 7.b4 cxd4 8.cxd4 Qb6 9.
Bd3 Bd7 10.Be3 Rc8 11.O-O a5 12.bxa5 Nxa5 13.Nbd2 Nc4 14.Qb3 Qa6 15.Rfc1 
Ne7 16.Ng5 Nf5 17.Bxf5 exf5 18.Nh3 Be7 19.Nf4 Qa8 20.Nd3 O-O 21.Nb4 f6 22.
Nf3 fxe5 23.Nxe5 Be6 24.f4 Bf6 25.Bf2 Nd2 26.Qd3 Ne4 27.Rxc8 Rxc8 28.Qxb5 
Rb8 29.Qc6 Qxc6 30.Nbxc6 Rb2 31.Nd3 Rd2 32.Ncb4 Nxf2 33.Nxf2 Bxd4 34.Rf1 
Be3 35.g3 d4 36.a4 Rb2 37.Nd3 Ra2 38.Kg2 Bd5+ 39.Kh3 Rxa4 40.Ne5 g6 41.Nd1
Ra2 42.Nd3 Bg2+ 0-1

[Event "Blixt-SM 2021"]
[Site "Hotel Marina Plaza, Helsingborg"]
[Date "2021.11.14"]
[Round "3.6"]
[White "Andersson, Stefan"]
[Black "Smith, Axel"]
[Result "0-1"]
[WhiteElo "1985"]
[BlackElo "2473"]
[BlackTitle "GM"]
[WhiteFideId "1729535"]
[BlackFideId "1707930"]

1.e4 c5 2.d4 cxd4 3.Nf3 e6 4.c3 Nf6 5.e5 Nd5 6.cxd4 b6 7.Bd3 Be7 8.O-O Bb7
9.Nc3 Nxc3 10.bxc3 d6 11.Bf4 dxe5 12.Nxe5 O-O 13.Rc1 Nd7 14.h3 Nxe5 15.
Bxe5 Bd6 16.Re1 g6 17.Qg4 Rc8 18.h4 Bxe5 19.Rxe5 Qf6 20.h5 Kg7 21.c4 Rfd8 
22.Rce1 Rd7 23.Bb1 Rcd8 24.d5 exd5 25.cxd5 Rxd5 26.Rxd5 Bxd5 27.Bc2 Bxa2 
28.Re3 Rd2 29.Re2 Rxe2 30.Qxe2 Be6 31.Qd3 Qe5 32.Qd4 0-1

[Event "Blixt-SM 2021"]
[Site "Hotel Marina Plaza, Helsingborg"]
[Date "2021.11.14"]
[Round "7.1"]
[White "Smith, Axel"]
[Black "Jepson, Christian"]
[Result "1/2-1/2"]
[WhiteElo "2473"]
[BlackElo "2412"]
[WhiteTitle "GM"]
[BlackTitle "IM"]
[WhiteFideId "1707930"]
[BlackFideId "1701185"]

1.e4 e6 2.d4 d5 3.exd5 exd5 4.Nf3 Nf6 5.Bd3 Bd6 6.Qe2+ Qe7 7.Qxe7+ Kxe7 8.
O-O Re8 9.Bg5 Nd7 10.Re1+ Kf8 11.Rxe8+ Kxe8 12.Nc3 c6 13.Re1+ Kf8 14.Ne5 
h6 15.Bh4 Nb6 16.Bxf6 gxf6 17.Nf3 Bb4 18.Re3 Bxc3 19.bxc3 Be6 20.Nh4 Na4 
21.Be2 Re8 22.Kf1 b5 23.Ke1 Bd7 24.Rxe8+ Kxe8 25.Kd2 Ke7 26.Bd3 Nb6 27.g3 
Bg4 28.f3 Be6 29.g4 Nc8 30.Ng2 Nd6 31.Ne3 a5 32.a3 a4 33.h4 Bd7 34.Ke2 Kf8
35.Kf2 Ke7 36.Kg3 Kf8 37.Kf4 Ke7 38.Kg3 Kf8 39.Kf2 Ke7 40.Kg2 Kf8 41.Kg3 
Ke7 42.Kf4 Kf8 43.Kg3 Ke7 44.Kf2 Kf8 45.Ke2 Ke7 46.Kf2 Kf8 47.Kg3 Ke7 48.
Kf2 Kf8 49.Ng2 Ke7 50.Ke3 Kf8 51.Nf4 Ke7 52.Nh5 Be6 53.Kf4 Bd7 54.Ng7 Be6 
55.Nh5 Bd7 56.Ng3 Be6 57.Nf1 Bd7 58.Ne3 Be6 59.Kg3 Bd7 60.Kf4 Be6 61.Nf1 
Bd7 62.Ng3 Be6 63.Nf1 Bd7 64.Ne3 Be6 65.Kg3 Bd7 66.Kf2 Be6 67.Ng2 Bd7 68.
Ke3 Be6 69.Ke2 Bd7 70.Kf2 Be6 71.Ke3 Bd7 72.Nf4 Be6 73.Ne2 Bd7 74.Ng3 
1/2-1/2

[Event "Blixt-SM 2021"]
[Site "Hotel Marina Plaza, Helsingborg"]
[Date "2021.11.14"]
[Round "7.6"]
[White "Wellevit, Tomas"]
[Black "Rajcevski, Dejan"]
[Result "1-0"]
[WhiteElo "2113"]
[BlackElo "1977"]
[WhiteFideId "1731963"]
[BlackFideId "1759027"]

1.e4 e5 2.Nf3 Nf6 3.d4 Nxe4 4.dxe5 d5 5.Bd3 Nc6 6.O-O Bc5 7.Nbd2 Bf5 8.Nb3
Bb6 9.a4 a5 10.c3 O-O 11.Nbd4 Bxd4 12.cxd4 Nb4 13.Bb1 c6 14.Ra3 h6 15.Nd2 
Nxd2 16.Bxd2 Bxb1 17.Qxb1 Qe7 18.Rg3 Kh8 19.Qf5 Qe6 20.Qh5 f5 21.Rg6 Qf7 
22.Bxh6 gxh6 23.Rxh6+ Kg8 24.Rg6+ Qg7 25.Rxg7+ Kxg7 26.Qg5+ Kh7 27.f4 Rg8 
28.Qxf5+ Rg6 29.Rf3 Rg8 30.Qf7+ R8g7 31.Rh3+ Rh6 32.Qf5+ Rg6 33.Rg3 Kg7 
34.Qf6+ Kh7 35.Qf7+ 1-0

[Event "Blixt-SM 2021"]
[Site "Hotel Marina Plaza, Helsingborg"]
[Date "2021.11.14"]
[Round "8.2"]
[White "Storme, Isak"]
[Black "Svensson, Mikael"]
[Result "1-0"]
[WhiteElo "2037"]
[BlackElo "2073"]
[WhiteTitle "FM"]
[WhiteFideId "1728113"]
[BlackFideId "1716433"]

1.d4 e6 2.Bf4 f5 3.Nc3 Nf6 4.e3 Bb4 5.Ne2 b6 6.a3 Be7 7.Ng3 Bb7 8.f3 O-O 
9.Bc4 d5 10.Be2 c5 11.O-O Nc6 12.Kh1 Rc8 13.Bb5 Bd6 14.Bxd6 Qxd6 15.Bxc6 
Bxc6 16.Re1 h5 17.Nge2 e5 18.dxe5 Qxe5 19.Nf4 Kh7 20.Nd3 Qe6 21.Ne2 g5 22.
f4 g4 23.Ne5 Ne4 24.Rf1 Kg7 25.Nc3 h4 26.Nxe4 dxe4 27.Qe2 Rcd8 28.Rad1 Bb7
29.Rd2 Rxd2 30.Qxd2 Qd5 31.Rd1 Rd8 32.Qxd5 Rxd5 33.Rxd5 Bxd5 34.Kg1 Kf6 
35.Kf2 Ke6 36.Ke1 a5 37.Kd2 Bb7 38.Kc3 b5 39.b4 axb4+ 40.axb4 c4 41.Kd4 
Kd6 42.c3 Bc8 43.Ng6 h3 44.g3 Bd7 45.Ne5 Bc8 46.Nf7+ Ke7 47.Ng5 Kd6 48.Nh7
Bd7 49.Nf6 Be8 50.Nxe8+ 1-0

[Event "Blixt-SM 2021"]
[Site "Hotel Marina Plaza, Helsingborg"]
[Date "2021.11.14"]
[Round "10.9"]
[White "Makinen, Janne"]
[Black "Frisk, Ellinor"]
[Result "0-1"]
[WhiteElo "2004"]
[BlackElo "2142"]
[BlackTitle "WIM"]
[WhiteFideId "1704036"]
[BlackFideId "1708481"]

1.d4 d5 2.c4 c6 3.Nc3 e5 4.cxd5 cxd5 5.dxe5 d4 6.Ne4 Qa5+ 7.Nd2 Nc6 8.Nf3 
Nxe5 9.Nxe5 Qxe5 10.Nf3 Bb4+ 11.Bd2 Qa5 12.a3 Bxd2+ 13.Qxd2 Qxd2+ 14.Kxd2 
Bg4 15.Nxd4 O-O-O 16.e3 Nf6 17.f3 Bh5 18.Rc1+ Kb8 19.Bd3 Rhe8 20.Rhd1 Nd5 
21.Be4 Nb6 22.g4 Bg6 23.Bxg6 hxg6 24.Ke2 Nd5 25.e4 Nf4+ 26.Kf2 Rc8 27.
Rxc8+ Rxc8 28.Rd2 Rc1 29.Nb5 b6 30.Nd6 f6 31.Nb5 Rb1 32.h4 Rxb2 33.Rxb2 
Nd3+ 34.Ke3 Nxb2 35.Nd6 Kc7 36.Ne8+ Kd7 37.Nxg7 Nc4+ 38.Kd4 Nxa3 39.h5 
gxh5 40.gxh5 Ke7 41.h6 Kf7 42.Nf5 Kg6 43.f4 Nb5+ 44.Kc4 Nc7 45.Kb4 a5+ 46.
Ka4 Ne6 47.Ne7+ Kxh6 48.f5 Nc5+ 49.Kb5 Nxe4 50.Nd5 Kg5 0-1

[Event "Blixt-SM 2021"]
[Site "Hotel Marina Plaza, Helsingborg"]
[Date "2021.11.14"]
[Round "11.2"]
[White "Olsson, Linus"]
[Black "Storme, Isak"]
[Result "1-0"]
[WhiteElo "2204"]
[BlackElo "2037"]
[WhiteTitle "FM"]
[BlackTitle "FM"]
[WhiteFideId "1706098"]
[BlackFideId "1728113"]

1.d4 Nf6 2.c4 e6 3.g3 d5 4.Bg2 Bb4+ 5.Nd2 O-O 6.Qc2 b6 7.Nf3 Bb7 8.O-O 
Nbd7 9.b3 c5 10.a3 Bxd2 11.Bxd2 dxc4 12.Qxc4 Bd5 13.Qc2 cxd4 14.Nxd4 Bxg2 
15.Kxg2 Nc5 16.Nf3 Rc8 17.Rac1 Nce4 18.Qxc8 Qxc8 19.Rxc8 Rxc8 20.Rc1 Rxc1 
21.Bxc1 Nd5 22.Nd4 a6 23.f3 Nc5 24.e4 e5 25.exd5 exd4 26.b4 Nb3 27.Bf4 f6 
28.h4 Kf7 29.Kf2 d3 30.Ke3 d2 31.Ke2 Ke7 32.Kd1 Kd7 33.Kc2 Nd4+ 34.Kxd2 
Nxf3+ 35.Ke3 Ne1 36.Ke4 Nc2 37.Bc1 Ne1 38.g4 Ng2 39.h5 g6 40.Bd2 gxh5 41.
gxh5 Nh4 42.Be3 b5 43.Bf4 Ng2 44.Bg3 f5+ 45.Kf3 f4 46.Bxf4 Ne1+ 47.Ke4 Nc2
48.Bc1 Kd6 49.Bf4+ Kd7 50.Kf5 Nxa3 51.Kf6 Nc2 52.Kg7 Nxb4 53.d6 a5 54.Kxh7
a4 55.Kg8 Nd3 56.Be3 a3 57.h6 Ne5 58.Bd4 Ng6 59.Kg7 Nh4 60.h7 Nf5+ 61.Kg8 
Nh6+ 62.Kg7 Nf5+ 63.Kf6 Nxd4 64.h8=Q a2 65.Qa8 Kxd6 66.Qxa2 Kc5 67.Qa7+ 
Kc4 68.Qc7+ Kd5 69.Qd7+ Kc5 70.Qc8+ Kd5 71.Qa8+ Kc5 72.Ke5 Nc6+ 73.Ke4 b4 
74.Kd3 Kb5 75.Qe8 Kc5 76.Qh5+ Kb6 77.Kc4 Kc7 78.Kc5 Kd7 79.Qf5+ Kc7 80.
Qf7+ 1-0

[Event "Blixt-SM 2021"]
[Site "Hotel Marina Plaza, Helsingborg"]
[Date "2021.11.14"]
[Round "11.5"]
[White "Tornberg, Carlos"]
[Black "Terochin, Piotr"]
[Result "1-0"]
[WhiteElo "2053"]
[BlackElo "1779"]
[WhiteFideId "1733478"]
[BlackFideId "1113682"]

1.e4 c5 2.c3 Nf6 3.e5 Nd5 4.d4 cxd4 5.Nf3 d6 6.cxd4 Nc6 7.Bc4 Nb6 8.Bb5 
Bd7 9.exd6 exd6 10.O-O Be7 11.Nc3 O-O 12.a3 a6 13.Bd3 Bf6 14.Bc2 Rc8 15.
Bf4 Bg4 16.Qd3 g6 17.d5 Bxf3 18.dxc6 Bxc6 19.Bxd6 Re8 20.Rad1 Bg7 21.Qg3 
Qf6 22.Bc5 Nc4 23.Bd4 Qe7 24.Bxg7 Kxg7 25.Rb1 Qf6 26.Rfd1 Rcd8 27.Rxd8 
Rxd8 28.h3 Rd2 29.Ne4 Bxe4 30.Bxe4 b5 31.b4 Nxa3 32.Qxa3 Qd4 33.Qe3 Qd6 
34.Bf3 Rd4 35.Qc3 1-0

[Event "Blixt-SM 2021"]
[Site "Hotel Marina Plaza, Helsingborg"]
[Date "2021.11.14"]
[Round "12.8"]
[White "Rasti, Arvin"]
[Black "Agovic, Seifo"]
[Result "1-0"]
[WhiteElo "2054"]
[BlackElo "1910"]
[WhiteFideId "1741160"]
[BlackFideId "1702360"]

1.d4 Nf6 2.c4 c5 3.d5 e6 4.Nc3 exd5 5.cxd5 d6 6.e4 g6 7.f4 Bg7 8.Bb5+ Nfd7
9.a4 O-O 10.Nf3 Na6 11.O-O Nc7 12.Bc4 Nf6 13.h3 Re8 14.Re1 b6 15.e5 Nh5 
16.e6 fxe6 17.dxe6 Bxe6 18.Bxe6+ Rxe6 19.Rxe6 Nxe6 20.Qd5 Qe8 21.Ng5 Bd4+ 
22.Kh2 Ng7 23.Bd2 h6 24.Nxe6 Nxe6 25.Re1 Kf7 26.Ne4 Kg7 27.Nxd6 Qd7 28.
Qxe6 Qxe6 29.Rxe6 Bxb2 30.f5 gxf5 31.Nxf5+ Kf7 32.Rxh6 Rd8 33.Bf4 Rd5 34.
Nd6+ Kg7 35.Re6 Rd4 36.Be5+ Kf8 37.Re8# 1-0

[Event "Blixt-SM 2021"]
[Site "Hotel Marina Plaza, Helsingborg"]
[Date "2021.11.14"]
[Round "13.9"]
[White "Nilsson, Patrik"]
[Black "Strom-Engdahl, Alexander"]
[Result "0-1"]
[WhiteElo "2143"]
[BlackElo "1783"]
[WhiteFideId "1708171"]
[BlackFideId "1741586"]

1.d4 Nf6 2.Bf4 e6 3.e3 b6 4.Qf3 c6 5.Nc3 Bb4 6.Bd3 d5 7.Ne2 Nbd7 8.a3 Be7 
9.e4 dxe4 10.Nxe4 Bb7 11.Nd6+ Bxd6 12.Bxd6 Qc8 13.Qg3 Rg8 14.O-O c5 15.
dxc5 Nxc5 16.Bb5+ Bc6 17.Nd4 Bd7 18.Rfe1 Nce4 19.Qe5 Nxd6 20.Qxd6 Qb8 21.
Rxe6+ fxe6 22.Qxe6+ Kf8 23.Bxd7 Qd8 24.Bc6 Rc8 25.Re1 Rc7 26.Qc4 Re7 27.
Ne6+ Rxe6 28.Qxe6 g6 29.h3 Rg7 30.Ba4 Rc7 31.c3 Qe7 32.Qxe7+ Rxe7 33.Rxe7 
Kxe7 34.Bc2 Nd5 35.f3 Nf4 36.Kh2 Kd6 37.g3 Nd5 38.Kg1 Ne3 39.Bd3 Nd1 40.
Kf1 Nxb2 41.Bb5 Nd1 42.c4 Ne3+ 43.Ke2 Nf5 44.g4 Nd4+ 45.Kd3 Kc5 46.a4 Ne6 
47.Ke4 Ng5+ 48.Ke5 Nxh3 49.f4 Nf2 50.g5 Ng4+ 51.Ke6 Kd4 52.f5 gxf5 53.Kxf5
Ne3+ 54.Kf6 Ke4 55.Kg7 Kf5 56.Kxh7 Kxg5 57.Kg7 Kf5 58.Kf7 Ke5 59.Ke7 Kd4 
60.Kd6 Nxc4+ 61.Kc7 Na3 62.Be8 Kc5 63.Kb7 a5 64.Ka6 Nc2 65.Kb7 Nd4 66.Ka6 
Ne6 67.Kb7 Nd8+ 68.Kc7 Ne6+ 69.Kd7 Nd4 70.Kc7 Nc2 71.Bd7 Kb4 72.Kxb6 Nd4 
73.Ka6 Ne2 74.Kb6 Nc3 75.Kc6 Nxa4 76.Kd5 Nb6+ 77.Kd4 Nxd7 78.Kd3 Kb3 79.
Kd4 0-1